000 00349nam a2200121 i 4500
001 bg
100 1 _aHILER, Grzegorz
245 0 _aWybrane zagadnienia ergonomiczne, metrologiczne i konstrukcyjne dotyczące wskaźników odczytowych /
_cGrzegorz Hiler.
040 _cBPK
041 _apol
942 _cKS
008 s pl f |000 0 pol
999 _c16945
_d16945
856 _uhttp://koha.tu.koszalin.pl/cgi-bin/koha/opac-detail.pl?biblionumber=16945
_yKatalog online BPK